[Event "Monsaraz op"]
[Site "Monsaraz"]
[Date "2023.11.26"]
[Round "7"]
[White "De Kaey, Pascal"]
[Black "Ishvi, Aggarwal"]
[Result "0-1"]
[WhiteElo "1938"]
[BlackElo "1765"]
[PlyCount "52"]
[EventDate "2023.11.21"]
[EventType "swiss"]
[EventRounds "9"]
[EventCountry "POR"]
[SourceTitle "CB49_2023"]
[SourceDate "2023.12.06"]
[SourceVersion "1"]
[SourceVersionDate "2023.12.06"]
[SourceQuality "1"]

1. e4 e5 2. Nf3 Nc6 3. d4 exd4 4. Nxd4 Nf6 5. Nxc6 bxc6 6. e5 Qe7 7. Qe2 Nd5 8. h4 d6 9. c4 Nb6 10. exd6 cxd6 11. b3 d5 12. Nd2 Be6 13. g3 0-0-0 14. Bg2 Qf6 15. Rb1 Bf5 16. Bb2 Qh6 17. cxd5 Bxb1 18. Qa6+ Kb8 19. Be5+ Ka8 20. Bf4 Re8+ 21. Kd1 Qg6 22. Be3 Bb4 23. dxc6 Qc2+ 24. Ke2 Qxd2+ 25. Kf3 Qd5+ 26. Ke2 Rxe3+ 0-1

[Event "Wch U20 Girls 38th"]
[Site "Cala Gonone"]
[Date "2022.10.19"]
[Round "8"]
[White "Ishvi, Aggarwal"]
[Black "Middleton, Jody"]
[Result "1-0"]
[WhiteElo "1964"]
[BlackElo "1850"]
[PlyCount "91"]
[EventDate "2022.10.12"]
[EventType "swiss"]
[EventRounds "11"]
[EventCountry "ITA"]
[SourceTitle "CBM 210 Extra"]
[Source "ChessBase"]
[SourceDate "2022.11.30"]
[SourceVersion "1"]
[SourceVersionDate "2022.11.30"]
[SourceQuality "1"]

1. d4 d5 2. c4 c6 3. Nf3 Nf6 4. Nc3 e6 5. e3 a6 6. a4 Qa5 7. c5 Ne4 8. Qb3 Nd7 9. Bd3 f5 10. 0-0 Qc7 11. Bxe4 fxe4 12. Ng5 Nf6 13. f3 h6 14. Nh3 exf3 15. Rxf3 Be7 16. Nf4 g5 17. Ng6 Rg8 18. Ne5 Nd7 19. Nd3 e5 20. Bd2 e4 21. Nxe4 Rg6 22. Ng3 Nf8 23. Ne5 Re6 24. Qc2 Bd7 25. Raf1 0-0-0 26. Nf5 Be8 27. Nxe7+ Qxe7 28. Rxf8 Kb8 29. Qb3 Rc8 30. R8f7 Bxf7 31. Rxf7 Rxe5 32. Rxe7 Rxe7 33. Be1 Rf8 34. Bg3+ Kc8 35. Bd6 Ref7 36. Bxf8 Rxf8 37. Qd1 Re8 38. Qg4+ Kb8 39. Kf2 Kc7 40. Qh5 Rf8+ 41. Ke2 b6 42. Qxh6 Rb8 43. Qd6+ Kc8 44. Qxc6+ Kd8 45. Qd6+ Kc8 46. cxb6 1-0